FAO plant production and protection paper N.142 Pesticide residues in food - 1996: Evaluations; P1: Residues

Salvato in:
Dettagli Bibliografici
Autore principale: WHO
Natura: Libro
Lingua:Undetermined
Pubblicazione: Rome FAO 1997
Soggetti:
Tags: Aggiungi Tag
Nessun Tag, puoi essere il primo ad aggiungerne! !
Thư viện lưu trữ: Trung tâm Học liệu Trường Đại học Cần Thơ
LEADER 00585nam a2200193Ia 4500
001 CTU_22163
008 210402s9999 xx 000 0 und d
082 |a 632 
082 |b F218/N142 
100 |a WHO 
245 0 |a FAO plant production and protection paper N.142 
245 0 |b Pesticide residues in food - 1996: Evaluations; P1: Residues 
245 0 |c WHO, FAO 
260 |a Rome 
260 |b FAO 
260 |c 1997 
650 |a food conservation,plants, protection of 
904 |i Nguyễn Quang Điền, 980324 
980 |a Trung tâm Học liệu Trường Đại học Cần Thơ